000 00691nam a22002297a 4500
005 20260409093229.0
008 260409b |||||||| |||| 00| 0 eng d
017 _aLD.8240
018 _a2025
020 _a9789786924847
040 _aNLN
_bEnglish
_eAACR2
050 _aDT515.83.A498
_bA3
082 _a922.9669
100 _aAMEH, Omanibe B.
_eaut
_969908
245 _aTears on my pillow :
_bSurviving shame, finding strength vol. 2 /
_cOmanibe B. A. Ameh
260 _a[S.l.] :
_bOma Life Rescue Foundation,
_c2025
300 _aix, 176p. ;
_b22cm
563 _a(hbk.)
650 _aAmeh, Omanibe B. A., 1985-
_969909
650 _aClergy
_vNigeria
_xBiography
_98857
942 _cBK
_n0
999 _c34365
_d34365